[Event "Silvio Mendes Memorial"]
[Site "Rio de Janeiro"]
[Date "2004.10.02"]
[Round "4"]
[White "Ferreira, Jose Carlos"]
[Black "Soares, Estevao Luiz"]
[Result "1/2-1/2"]
[WhiteElo "2012"]
[BlackElo "2047"]
[PlyCount "123"]
[EventDate "2004.09.11"]
[EventType "tourn"]
[EventRounds "9"]
[EventCountry "BRA"]
[SourceTitle "EXT 2007"]
[Source "ChessBase"]
[SourceDate "2006.11.23"]
[SourceVersion "1"]
[SourceVersionDate "2006.11.23"]
[SourceQuality "1"]

1. e4 c5 2. Nf3 d6 3. Bb5+ Bd7 4. Bxd7+ Nxd7 5. 0-0 g6 6. c3 Ngf6 7. Re1 Bg7 8. d3 Qb6 9. Nbd2 0-0 10. Nc4 Qc7 11. Bg5 Nh5 12. Bd2 b5 13. Ne3 e6 14. Ng4 Nhf6 15. Nh6+ Kh8 16. h3 Ng8 17. Nxg8 Kxg8 18. Ng5 Rab8 19. f4 b4 20. f5 exf5 21. exf5 Ne5 22. fxg6 hxg6 23. Bf4 bxc3 24. bxc3 Rb2 25. d4 cxd4 26. cxd4 Nc4 27. Kh1 Qd7 28. Qd3 d5 29. Nf3 Re8 30. Rxe8+ Qxe8 31. Re1 Qd7 32. Re2 Rb6 33. Re1 Re6 34. Rb1 Rb6 35. Re1 a5 36. Bg5 Re6 37. Rb1 a4 38. Bf4 a3 39. Rb8+ Re8 40. Qb3 Bf6 41. Ne5 Rxb8 42. Qxb8+ Qd8 43. Qb7 Bxe5 44. dxe5 d4 45. Qe4 g5 46. Bc1 d3 47. Qxc4 d2 48. Bxd2 Qxd2 49. e6 Qe1+ 50. Kh2 fxe6 51. Qd3 Qe5+ 52. Kh1 Qe1+ 53. Kh2 Qe5+ 54. Kh1 Qc5 55. Qg6+ Kf8 56. Qf6+ Ke8 57. Qxe6+ Kd8 58. Qf6+ Kc7 59. Qf7+ Kb6 60. Qb3+ Ka5 61. Kh2 Qe5+ 62. Kh1 1/2-1/2

[Event "Silvio Mendes Memorial"]
[Site "Rio de Janeiro"]
[Date "2004.09.11"]
[Round "1"]
[White "Soares, Estevao Luiz"]
[Black "Brunner Beamud, Alfonso"]
[Result "1/2-1/2"]
[WhiteElo "2047"]
[BlackElo "2079"]
[PlyCount "89"]
[EventDate "2004.09.11"]
[EventType "tourn"]
[EventRounds "9"]
[EventCountry "BRA"]
[SourceTitle "EXT 2007"]
[Source "ChessBase"]
[SourceDate "2006.11.23"]
[SourceVersion "1"]
[SourceVersionDate "2006.11.23"]
[SourceQuality "1"]

1. e4 d5 2. exd5 Qxd5 3. Nc3 Qa5 4. Bc4 Bf5 5. d3 c6 6. Bd2 Qc7 7. Qe2 e6 8. h3 Be7 9. g4 Bg6 10. 0-0-0 Nd7 11. f4 0-0-0 12. h4 h6 13. Nf3 Bd6 14. f5 exf5 15. gxf5 Bh5 16. Qg2 Ngf6 17. Rde1 Bxf3 18. Qxf3 Ne5 19. Qf2 Nxc4 20. dxc4 Bg3 21. Qxa7 Bxe1 22. Rxe1 Rhe8 23. Rf1 Qb8 24. Qg1 Ne4 25. Nxe4 Rxe4 26. Ba5 Rde8 27. Rd1 Qf4+ 28. Kb1 Qg4 29. Qf1 b6 30. Bc3 Re2 31. f6 g6 32. a3 R8e4 33. c5 Qg2 34. Qxg2 Rxg2 35. cxb6 Rxh4 36. b7+ Kxb7 37. Rd7+ Kb6 38. Rxf7 h5 39. Rg7 Rf4 40. Be5 Rf5 41. f7 Rg1+ 42. Ka2 Rgf1 43. Bd4+ Kb5 44. Rxg6 Rxf7 45. Rh6 1/2-1/2

[Event "BRA Southeast Region"]
[Site "Rio de Janeiro"]
[Date "2002.08.??"]
[Round "1"]
[White "Soares, Estevao Luiz"]
[Black "Soppe, Guillermo"]
[Result "0-1"]
[WhiteElo "2051"]
[BlackElo "2469"]
[PlyCount "60"]
[EventDate "2002.08.02"]
[EventType "swiss"]
[EventRounds "6"]
[EventCountry "BRA"]
[SourceTitle "EXT 2022"]
[Source "ChessBase"]
[SourceDate "2021.10.06"]
[SourceVersion "1"]
[SourceVersionDate "2021.10.06"]
[SourceQuality "1"]

1. e4 c6 2. d4 d5 3. e5 Bf5 4. Nc3 e6 5. g4 Bg6 6. Nge2 Be7 7. Nf4 Nd7 8. Nxg6 hxg6 9. Be3 Nh6 10. Bd3 c5 11. Bb5 Rc8 12. Bxd7+ Qxd7 13. a3 cxd4 14. Bxd4 Rc4 15. b3 Rc6 16. f3 Bh4+ 17. Kf1 0-0 18. f4 f6 19. exf6 Bxf6 20. Qd3 Nxg4 21. h3 Nh6 22. Rg1 Bxd4 23. Qxd4 Qc7 24. Ne2 Nf5 25. Qd3 Qb6 26. Rc1 e5 27. Qxd5+ Kh7 28. Qe4 exf4 29. Nxf4 Qd4 30. Qxd4 Nxd4 0-1